000 00794nam a2200265Ia 4500
003 OSt
005 20221005062115.0
006 a|||||r|||| 00| 0
007 ta
008 221004b |||||||| |||| 00| 0 eng d
020 _a9781138922983
_cUKP 165.00
024 _a34701
037 _bBBS/12, 06/09/2017, Better Book Service
_cTextual
040 _aCRL
_cCRL
_beng
041 _2eng
_aeng
082 _aXoaA, Q7
100 _aTyfield David Ed.
_9474494
245 0 _aRoutledge handbook of the political economy of science
260 _aLondon
_bRoutledge UK
_c2017
300 _axxi,464p.
_ccm.
650 _a SCIENCE
650 _aECONOMICS
942 _hXoaA, Q7
_cTEXL
_2cc
999 _c969198
_d969198